Pitcher that won the MVP and the Cy Young in the same season - Statistics

General Stats
  • This quiz has been taken 10 times
  • The average score is 9 of 11
Answer Stats
Hint Answer % Correct
Cardinals Bob Gibson
100%
Dodgers Clayton Kershaw
89%
Brewers Rollie FIngers
89%
Dodgers Sandy Koufax
89%
A's Dennis Eckersley
78%
Tigers Denny McLain
78%
Tigers Justin Verlander
78%
Red Sox Roger Clemens
78%
A's Vida Blue
67%
Dodgers Don Newcombe
56%
Tigers Willie Hernandez
56%
No matching quizzes found
Score Distribution
Percent of People with Each Score
Percentile by Number Answered
Your Score History
You have not taken this quiz